Olivia Rodrigo - Devine la chanson sans indices #15 - Statistiques

Statistiques générales
  • Ce quiz a été pris 84 fois
  • Le résultat moyen est 180 sur 256
Statistiques - réponses
Paroles % Correct
a
98%
I
98%
you
94%
Oh,
89%
Ooh
89%
ooh
89%
ooh,
89%
to
87%
when
87%
is
85%
Is
85%
love,
83%
love
83%
me
83%
me?
83%
the
83%
He
81%
he
81%
my
81%
want
81%
was
81%
We
81%
And
79%
and
79%
All
77%
all
77%
be
77%
for
75%
good
75%
it
75%
so
75%
that
75%
I'm
74%
who
74%
guy,
72%
guy
72%
in
72%
but
70%
But
70%
last
70%
on
70%
Are
68%
can
68%
with
68%
much
66%
ask?
64%
have
64%
of
64%
think
64%
told
64%
wrong
64%
girl
62%
something
62%
this
62%
too
62%
'Cause
60%
high?
60%
star
60%
enough
58%
he's
58%
one
58%
say
58%
say?
58%
what
58%
didn't
57%
if
57%
day
55%
fell
55%
happy
55%
lasts
55%
meet
55%
still
55%
at
53%
dark
53%
face
53%
far
53%
found
53%
perfect
53%
Does
51%
don't
51%
end
51%
ever
51%
expectations
51%
needs
51%
paper,
51%
second
51%
song's
51%
away
49%
figure
49%
lying
49%
myself
49%
okay
49%
out,
49%
past
49%
there's
49%
through,
49%
would
49%
boy,
47%
door,
47%
fight
47%
from
47%
hand
47%
held
47%
more
47%
pushes
47%
saved?
47%
Try
47%
kinda
45%
Now
45%
won't
45%
young
45%
best,
43%
best
43%
halfway
43%
naive
43%
easily
42%
miss
42%
come
40%
find
40%
after,
38%
thought
38%
shouldn't
36%
days
34%
Aucun quiz correspondant
Distribution des résultats
% des personnes avec chaque résultat
Percentile par nombre de réponses
Votre historique - résultats
Vous n’avez pas pris ce quiz